[Event "European Hybrid Qual 2021"]
[Site "Tornelo INT"]
[Date "2021.05.24"]
[Round "1.1"]
[White "Studer, Noel"]
[Black "Yordanov, Lachezar"]
[Result "1-0"]
[WhiteTitle "GM"]
[BlackTitle "FM"]
[WhiteElo "2584"]
[BlackElo "2325"]
[WhiteFideId "1319620"]
[BlackFideId "2918927"]
[EventDate "2021.05.24"]
[EventType "k.o."]

1. d4 Nf6 2. c4 e6 3. Nf3 b6 4. Bf4 Bb7 5. e3 Bb4+ 6. Nfd2 O-O 7. a3 Bd6 8. Bxd6
cxd6 9. Nc3 d5 10. Qf3 Qc8 11. Qg3 dxc4 12. Bxc4 Ba6 13. Bxa6 Qxa6 14. Qf3 Nc6
15. Qe2 Qxe2+ 16. Kxe2 d5 17. Rhc1 Rfc8 18. Rc2 Ne8 19. Rac1 Ne7 20. Kd3 Kf8 21.
f3 Rd8 22. Nb5 Rd7 23. g4 Rad8 24. a4 a6 25. Nc7 Nxc7 26. Rxc7 Ke8 27. R7c3 f6
28. b4 Rb8 29. h4 Kd8 30. g5 Rbb7 31. Nb3 Rdc7 32. a5 Rxc3+ 33. Rxc3 Kd7 34.
axb6 Rxb6 35. Nc5+ Ke8 36. Ra3 Nc6 37. Kc3 Nxb4 38. Ra4 Nc6 39. Nxe6 Kf7 40. Nf4
Ne7 41. Ra5 Rd6 42. gxf6 Rxf6 43. Kd3 Rd6 44. Rc5 g6 45. Rc7 h6 46. e4 dxe4+ 47.
fxe4 Ke8 48. Rc5 Rf6 49. Ke3 Rb6 50. Nd3 Rc6 51. Ra5 Rd6 52. d5 g5 53. h5 Rf6
54. Ne5 Ng8 55. Rc5 Ne7 56. Rc3 Rb6 57. Kd4 a5 58. Nc4 Ra6 59. e5 Nf5+ 60. Ke4
Ng7 61. e6 Nxe6 62. dxe6 Rxe6+ 63. Kf5 Rc6 64. Re3+ Kf8 65. Nxa5 Ra6 66. Nc4 Ra4
67. Ne5 Kg7 68. Ng6 g4 69. Nf4 1-0

[Event "European Hybrid Qual 2021"]
[Site "Tornelo INT"]
[Date "2021.05.25"]
[Round "1.2"]
[White "Yordanov, Lachezar"]
[Black "Studer, Noel"]
[Result "1/2-1/2"]
[WhiteTitle "FM"]
[BlackTitle "GM"]
[WhiteElo "2325"]
[BlackElo "2584"]
[WhiteFideId "2918927"]
[BlackFideId "1319620"]
[EventDate "2021.05.24"]
[EventType "k.o."]

1. d4 Nf6 2. c4 e6 3. Nf3 d5 4. g3 dxc4 5. Bg2 a6 6. O-O Nc6 7. e3 Rb8 8. Nfd2
e5 9. Nxc4 exd4 10. Bxc6+ bxc6 11. Qxd4 Qxd4 12. exd4 Be6 13. Ne5 c5 14. b3 Bd6
15. Ba3 Rb5 16. Nc4 O-O 17. dxc5 Bxc5 18. Nc3 Bxc4 19. Nxb5 Bxf1 20. Kxf1 Bxa3
21. Nxa3 Rd8 22. Rc1 Nd5 23. Nc4 f6 24. Na5 Kf7 25. a3 h5 26. h4 Re8 27. Rc5 Rd8
28. b4 Rd7 29. Nb7 Nb6 30. Rc6 Kg6 31. Nc5 Rd1+ 32. Kg2 Ra1 33. Nxa6 Rxa3 34.
Nxc7 Nd7 35. Nd5 Rb3 36. Nf4+ Kh6 37. Rc8 g5 38. hxg5+ fxg5 39. Rc6+ Kh7 40.
Nxh5 Rxb4 41. Rd6 Ne5 42. Rd5 Nf7 43. f3 Rb2+ 44. Kf1 Rb6 45. g4 Kg6 46. Ng3
Rb1+ 47. Kf2 Rb2+ 48. Ke3 Rb3+ 49. Rd3 Rxd3+ 50. Kxd3 Ne5+ 51. Ke4 Nc4 52. Kd3
Ne5+ 53. Ke2 Nc6 54. Ke3 Nd8 55. Kd4 Ne6+ 56. Ke5 Nf4 57. Ne4 Nd3+ 58. Ke6 Nf4+
59. Kd6 Ne2 60. Ke7 Nd4 61. Nd2 Kg7 62. Kd6 Kf6 63. Kd5 Ne2 64. Ne4+ Kg6 65. Ke5
Nf4 66. Nc5 Ng2 67. Nd7 Ne1 68. Ke4 Ng2 69. Kd5 Ne1 70. Ne5+ Kf6 71. Kd6 Nc2 72.
Nd7+ Kg6 73. Kd5 Ne1 74. Ke4 Ng2 75. Nb6 Kf6 76. Nc4 Ke6 77. Nd2 Nf4 78. Nb3 Kf6
79. Nc5 Ng2 80. Kd5 Ne1 81. Ne4+ Kg6 82. Nd2 Nd3 83. Ke4 Ne1 84. Ke5 Nd3+ 85.
Ke6 Nf4+ 86. Ke7 Ne2 87. Nc4 Nd4 88. Ne5+ Kg7 89. Kd6 Kf6 90. Kd5 Ne2 91. Nd7+
Kg6 92. Ke5 Ng1 93. Ke4 Ne2 94. Ke5 Ng1 95. f4 gxf4 96. Kxf4 Nh3+ 97. Kg3 Ng5
98. Ne5+ Kf6 99. Nf3 Nxf3 100. Kxf3 Kg5 101. Kg3 Kg6 102. Kf4 Kf6 103. g5+ Kg6
104. Kg4 Kg7 105. Kf5 Kf7 106. g6+ Kg7 107. Kg5 Kg8 108. Kf6 Kf8 109. g7+ Kg8
110. Ke7 Kxg7 1/2-1/2

[Event "European Hybrid Qual 2021"]
[Site "Tornelo INT"]
[Date "2021.05.24"]
[Round "1.1"]
[White "Gajewski, Grzegorz"]
[Black "Tratar, Marko"]
[Result "1/2-1/2"]
[WhiteTitle "GM"]
[BlackTitle "GM"]
[WhiteElo "2596"]
[BlackElo "2419"]
[WhiteFideId "1116207"]
[BlackFideId "14600684"]
[EventDate "2021.05.24"]
[EventType "k.o."]

1. d4 Nf6 2. c4 e6 3. Nf3 Bb4+ 4. Nbd2 O-O 5. a3 Be7 6. e4 d6 7. Be2 Nfd7 8. b4
e5 9. d5 a5 10. Bb2 c5 11. bxa5 Rxa5 12. O-O Ra6 13. Ne1 Nf6 14. g3 Bh3 15. Ng2
Nbd7 16. f4 g6 17. Rf2 h5 18. Ne3 Re8 19. Qc2 Bf8 20. Bf1 Bxf1 21. Raxf1 Bg7 22.
f5 Bh6 23. Rf3 Kg7 24. Bc1 Rh8 25. fxg6 fxg6 26. Nf5+ gxf5 27. Rxf5 h4 28. Nf3
hxg3 29. hxg3 Qe8 30. Nh4 Bf4 31. Bxf4 exf4 32. R1xf4 Rh6 33. Rg5+ Kf8 34. a4
Qf7 35. Qf2 Ke8 36. Qb2 Rb6 37. Qc3 Kd8 38. a5 Rb1+ 39. Kg2 Kc7 40. e5 dxe5 41.
Rxe5 Qh7 42. Re6 Nh5 43. Rg4 Nhf6 44. Rf4 Nh5 45. Rg4 Nhf6 46. Rf4 1/2-1/2

[Event "European Hybrid Qual 2021"]
[Site "Tornelo INT"]
[Date "2021.05.25"]
[Round "1.2"]
[White "Tratar, Marko"]
[Black "Gajewski, Grzegorz"]
[Result "1/2-1/2"]
[WhiteTitle "GM"]
[BlackTitle "GM"]
[WhiteElo "2419"]
[BlackElo "2596"]
[WhiteFideId "14600684"]
[BlackFideId "1116207"]
[EventDate "2021.05.24"]
[EventType "k.o."]

1. Nf3 d5 2. d4 Nf6 3. c4 e6 4. Nc3 Bb4 5. Qa4+ Nc6 6. e3 O-O 7. Qc2 Re8 8. Bd2
Bf8 9. a3 e5 10. dxe5 Nxe5 11. Nxe5 Rxe5 12. cxd5 Bf5 13. Qb3 Nxd5 14. Nxd5 Rxd5
15. Bc3 Be4 16. Rd1 Rxd1+ 17. Qxd1 Qh4 18. h3 h5 19. g3 Qg5 20. h4 Qf5 21. Bh3
Qg6 22. O-O Be7 23. Bg2 Bxg2 24. Kxg2 Rd8 25. Qf3 c6 26. Re1 Rd3 27. Rc1 Qg4 28.
Qxg4 hxg4 29. Kf1 f5 30. Ke2 Rd5 31. e4 fxe4 32. Ke3 Bc5+ 33. Kxe4 Bxf2 34. Be5
Kf7 35. Rf1 Ke6 36. Bxg7 Bxg3 37. Rg1 Bxh4 38. Rxg4 Be7 39. Bd4 a6 40. Rg6+ Kd7
41. Rg7 Rd6 42. Bc5 Re6+ 43. Kd3 Ke8 44. Bxe7 Rxe7 45. Rg8+ Kd7 46. a4 a5 47. b3
Kc7 48. Rg5 Kb6 49. Rh5 Rg7 50. Kc3 Rg3+ 51. Kc4 Ka6 52. Rh6 Rg5 53. Rf6 Kb6 54.
Rh6 Rc5+ 55. Kd3 Ka6 56. Rg6 b5 57. axb5+ Kxb5 58. Rg4 Rd5+ 59. Kc3 Kc5 60. Rh4
Rg5 61. Rh3 Rg4 62. Rh5+ Kb6 63. Rf5 a4 64. bxa4 Rxa4 65. Rh5 Rg4 66. Rf5 c5 67.
Rf8 c4 68. Rf5 Kb7 69. Rf6 Kc7 70. Rh6 Kd7 71. Ra6 Ke7 72. Rc6 Kd7 73. Rxc4
Rxc4+ 74. Kxc4 1/2-1/2

[Event "European Hybrid Qual 2021"]
[Site "Tornelo INT"]
[Date "2021.05.25"]
[Round "1.3"]
[White "Tratar, Marko"]
[Black "Gajewski, Grzegorz"]
[Result "0-1"]
[WhiteTitle "GM"]
[BlackTitle "GM"]
[WhiteElo "2419"]
[BlackElo "2596"]
[WhiteFideId "14600684"]
[BlackFideId "1116207"]
[EventDate "2021.05.24"]
[EventType "k.o."]

1. Nf3 d5 2. d4 Nf6 3. c4 e6 4. Nc3 Bb4 5. Qa4+ Nc6 6. e3 O-O 7. Qc2 Re8 8. a3
Bxc3+ 9. bxc3 Na5 10. Ne5 c5 11. Bb2 b6 12. cxd5 exd5 13. Bb5 Nd7 14. Nc6 Qg5
15. Nxa5 bxa5 16. O-O Rb8 17. a4 Re6 18. Bxd7 Bxd7 19. Ba3 c4 20. Bc5 Rh6 21. f4
Qh5 22. g3 Bf5 23. Qf2 Be4 24. Ra2 Rb3 25. Rc1 Rg6 26. Rd2 a6 27. Qe1 Qh3 28.
Qf1 Rxg3+ 29. hxg3 Qxg3+ 30. Rg2 Bxg2 0-1

[Event "European Hybrid Qual 2021"]
[Site "Tornelo INT"]
[Date "2021.05.25"]
[Round "1.4"]
[White "Gajewski, Grzegorz"]
[Black "Tratar, Marko"]
[Result "1-0"]
[WhiteTitle "GM"]
[BlackTitle "GM"]
[WhiteElo "2596"]
[BlackElo "2419"]
[WhiteFideId "1116207"]
[BlackFideId "14600684"]
[EventDate "2021.05.24"]
[EventType "k.o."]

1. d4 e6 2. Nf3 c5 3. e3 Nf6 4. c4 cxd4 5. Nxd4 Nc6 6. Be2 d5 7. O-O Bc5 8. cxd5
exd5 9. Nxc6 bxc6 10. b3 O-O 11. Ba3 Bxa3 12. Nxa3 a5 13. Nc2 Qd6 14. Nd4 Bd7
15. Rc1 Rfc8 16. Qc2 a4 17. Rfd1 axb3 18. axb3 c5 19. Nf3 Qe7 20. Qc3 Ra2 21.
Qe1 Rb8 22. Nd2 Ng4 23. Ra1 Rba8 24. Rxa2 Rxa2 25. Bxg4 Bxg4 26. Ra1 Qa7 27.
Rxa2 Qxa2 28. Qc1 h6 29. h3 Be6 30. Qc3 Qa3 31. Nb1 d4 32. exd4 cxd4 33. Qc8+
Bxc8 34. Nxa3 Kf8 35. Kf1 Ke7 36. Nc2 d3 37. Nb4 1-0

[Event "European Hybrid Qual 2021"]
[Site "Tornelo INT"]
[Date "2021.05.24"]
[Round "1.1"]
[White "Petrov, Nikita"]
[Black "Seemann, Jakub"]
[Result "1-0"]
[WhiteTitle "GM"]
[BlackTitle "FM"]
[WhiteElo "2550"]
[BlackElo "2288"]
[WhiteFideId "4101286"]
[BlackFideId "21874697"]
[EventDate "2021.05.24"]
[EventType "k.o."]

1. d4 Nf6 2. c4 e6 3. Nf3 d5 4. g3 Be7 5. Bg2 O-O 6. O-O dxc4 7. Qc2 b5 8. a4 b4
9. Nfd2 Nd5 10. Nxc4 c5 11. dxc5 Ba6 12. b3 Nd7 13. c6 Nc5 14. Rd1 Qc7 15. Ne3
Rad8 16. Bxd5 exd5 17. Nxd5 Rxd5 18. Rxd5 Qxc6 19. e4 f5 20. Be3 fxe4 21. Rxc5
Bxc5 22. Qxc5 Rd8 23. Na3 Qxc5 24. Bxc5 bxa3 25. Bxa3 Be2 26. Bc5 Rd1+ 27. Rxd1
Bxd1 28. Bxa7 Bxb3 29. a5 Bc4 30. g4 Be2 31. h3 Kf7 32. Be3 h6 33. Kg2 g5 34.
Kg3 Kg6 35. h4 Kf6 36. Bc5 Kg6 37. Bf8 gxh4+ 38. Kxh4 h5 39. gxh5+ Bxh5 40. a6
e3 41. Kg3 1-0

[Event "European Hybrid Qual 2021"]
[Site "Tornelo INT"]
[Date "2021.05.25"]
[Round "1.2"]
[White "Seemann, Jakub"]
[Black "Petrov, Nikita"]
[Result "1/2-1/2"]
[WhiteTitle "FM"]
[BlackTitle "GM"]
[WhiteElo "2288"]
[BlackElo "2550"]
[WhiteFideId "21874697"]
[BlackFideId "4101286"]
[EventDate "2021.05.24"]
[EventType "k.o."]

1. e4 e5 2. Nf3 Nc6 3. Bb5 a6 4. Ba4 Nf6 5. O-O Be7 6. Re1 b5 7. Bb3 O-O 8. a4
b4 9. d4 d6 10. dxe5 Nxe5 11. Nxe5 dxe5 12. Nd2 Bc5 13. h3 Bb7 14. Qe2 a5 15.
Bc4 Qe7 16. Bd3 h6 17. Nb3 Bb6 18. Be3 Rfd8 19. Bxb6 cxb6 20. Nd2 Rac8 21. Nc4
Qc5 22. b3 Rd4 23. Nd2 Rcd8 24. Rad1 R4d6 25. h4 Bc8 26. Qe3 Qxe3 27. Rxe3 Be6
28. Rde1 Nd7 29. Nc4 Rd4 30. g3 f6 31. f4 Kf8 32. Bf1 Ke7 33. Kf2 g5 34. hxg5
hxg5 35. fxg5 fxg5 36. Rd3 Bxc4 37. Rxd4 Rf8+ 38. Kg1 Rxf1+ 1/2-1/2

[Event "European Hybrid Qual 2021"]
[Site "Tornelo INT"]
[Date "2021.05.24"]
[Round "1.1"]
[White "Urkedal, Frode Olav Olsen"]
[Black "Filip, Lucian-Ioan"]
[Result "1-0"]
[WhiteTitle "GM"]
[BlackTitle "IM"]
[WhiteElo "2561"]
[BlackElo "2430"]
[WhiteFideId "1506102"]
[BlackFideId "1208900"]
[EventDate "2021.05.24"]
[EventType "k.o."]

1. d4 Nf6 2. c4 e6 3. Nf3 b6 4. g3 Bb7 5. Bg2 Bb4+ 6. Bd2 Bxd2+ 7. Qxd2 O-O 8.
Nc3 Ne4 9. Qc2 Nxc3 10. Ng5 Ne4 11. Bxe4 Bxe4 12. Qxe4 Qxg5 13. Qxa8 Nc6 14. Qb7
Nxd4 15. Rd1 c5 16. e3 Nc2+ 17. Kd2 Qf5 18. Qg2 Nb4 19. e4 Qf6 20. Kc1 Nxa2+ 21.
Kb1 Nb4 22. Rxd7 Nc6 23. f4 e5 24. Qd2 Nd4 25. Rxa7 Qe6 26. Qd3 exf4 27. gxf4
Nc6 28. f5 Qf6 29. Ra3 Rd8 30. Qe2 Qd6 31. Rg1 Qd4 32. Rag3 g6 33. fxg6 hxg6 34.
Rxg6+ fxg6 35. Rxg6+ Kf7 36. Rxc6 Qd1+ 37. Qxd1 Rxd1+ 38. Kc2 Rd4 39. Kb3 Rxe4
40. Rxb6 Rh4 41. Rb5 Rh5 42. h4 Ke6 43. Ka4 Kd6 44. b4 Rxh4 45. Rxc5 1-0

[Event "European Hybrid Qual 2021"]
[Site "Tornelo INT"]
[Date "2021.05.25"]
[Round "1.2"]
[White "Filip, Lucian-Ioan"]
[Black "Urkedal, Frode Olav Olsen"]
[Result "1/2-1/2"]
[WhiteTitle "IM"]
[BlackTitle "GM"]
[WhiteElo "2430"]
[BlackElo "2561"]
[WhiteFideId "1208900"]
[BlackFideId "1506102"]
[EventDate "2021.05.24"]
[EventType "k.o."]

1. Nf3 d5 2. d4 Nf6 3. c4 e6 4. g3 Bb4+ 5. Bd2 Be7 6. Bg2 O-O 7. O-O Nbd7 8. Bf4
c6 9. Nc3 dxc4 10. e4 Re8 11. a4 a5 12. Nd2 Nb6 13. Be3 e5 14. dxe5 Ng4 15. Bxb6
Qxb6 16. Nxc4 Qc5 17. Nd6 Rd8 18. Qe2 Nxe5 19. Nxc8 Raxc8 20. Rfd1 Rxd1+ 21.
Rxd1 Rd8 22. Bf1 Rxd1 23. Qxd1 Qb6 24. Qe2 1/2-1/2

[Event "European Hybrid Qual 2021"]
[Site "Tornelo INT"]
[Date "2021.05.24"]
[Round "1.1"]
[White "Shimanov, Aleksandr"]
[Black "Gretarsson, Helgi Ass"]
[Result "1-0"]
[WhiteTitle "GM"]
[BlackTitle "GM"]
[WhiteElo "2597"]
[BlackElo "2441"]
[WhiteFideId "4198603"]
[BlackFideId "2300699"]
[EventDate "2021.05.24"]
[EventType "k.o."]

1. Nf3 d5 2. g3 c6 3. Bg2 Nf6 4. c4 dxc4 5. O-O b5 6. a4 Bb7 7. b3 cxb3 8. Qxb3
a6 9. Ne5 e6 10. Bb2 Be7 11. Rc1 Nd5 12. d4 O-O 13. Nd2 a5 14. axb5 cxb5 15.
Qxb5 Ba6 16. Qxa5 Qxa5 17. Rxa5 Bb4 18. Rxd5 exd5 19. Bxd5 Ra7 20. Ndc4 Rc7 21.
Nxf7 Bxc4 22. Rxc4 Rxc4 23. Ne5+ 1-0

[Event "European Hybrid Qual 2021"]
[Site "Tornelo INT"]
[Date "2021.05.25"]
[Round "1.2"]
[White "Gretarsson, Helgi Ass"]
[Black "Shimanov, Aleksandr"]
[Result "0-1"]
[WhiteTitle "GM"]
[BlackTitle "GM"]
[WhiteElo "2441"]
[BlackElo "2597"]
[WhiteFideId "2300699"]
[BlackFideId "4198603"]
[EventDate "2021.05.24"]
[EventType "k.o."]

1. d4 Nf6 2. c4 e6 3. Nf3 d5 4. Nc3 Nbd7 5. Bg5 h6 6. Bh4 Be7 7. e3 O-O 8. Qc2
c5 9. dxc5 dxc4 10. Bxc4 Nxc5 11. Rd1 Ncd7 12. a3 Nh5 13. Bxe7 Qxe7 14. O-O Nb6
15. Be2 Nf6 16. Nd4 Bd7 17. Bf3 Rac8 18. Qb3 e5 19. Ndb5 Be6 20. Qb4 Qxb4 21.
axb4 Rc4 22. Bxb7 Rxb4 23. Nxa7 Rxb2 24. Rb1 Rxb1 25. Rxb1 Nbd5 26. Na4 Ne7 27.
Nc5 Bc4 28. Bf3 Bd5 29. Bxd5 Nexd5 30. Rb7 Re8 31. e4 Nc3 32. f3 Ne2+ 33. Kf2
Nd4 34. Nd3 Nh7 35. Rc7 Nf8 36. Nc8 Nfe6 37. Rc4 f6 38. Nb4 Kh7 39. Nd5 Rd8 40.
h4 h5 41. g3 Rd7 42. f4 Rb7 43. Ncb6 Ra7 44. Na4 Nb5 45. fxe5 fxe5 46. Ne3 Nd6
47. Rb4 Rc7 48. Nb6 Nd4 49. Ned5 Rc2+ 50. Ke3 Rg2 51. Nd7 Rxg3+ 52. Kf2 Nxe4+
53. Kf1 Rf3+ 54. Ke1 Nc2+ 0-1

[Event "European Hybrid Qual 2021"]
[Site "Tornelo INT"]
[Date "2021.05.24"]
[Round "1.1"]
[White "Pruijssers, Roeland"]
[Black "Persanyi, Barnabas"]
[Result "1/2-1/2"]
[WhiteTitle "GM"]
[BlackTitle "FM"]
[WhiteElo "2561"]
[BlackElo "2364"]
[WhiteFideId "1013068"]
[BlackFideId "771279"]
[EventDate "2021.05.24"]
[EventType "k.o."]

1. e4 e5 2. Nf3 Nc6 3. Bc4 Bc5 4. O-O Nf6 5. d3 d6 6. c3 a6 7. Bb3 Ba7 8. Nbd2
O-O 9. h3 h6 10. Re1 Re8 11. Nf1 Be6 12. Bc2 d5 13. exd5 Bxd5 14. Ng3 Qd7 15.
Be3 Bxe3 16. Rxe3 Rad8 17. Qd2 Qe6 18. b3 Bxf3 19. Rxf3 Ne7 20. Re1 e4 21. Rfe3
Ned5 22. R3e2 e3 23. fxe3 Qe5 24. e4 Qxg3 25. exd5 Rxe2 26. Rxe2 Nxd5 27. Rf2
Re8 28. c4 Ne3 29. Rf3 Qg5 30. d4 Nxc2 31. Qxc2 Re1+ 32. Kh2 Qd8 33. Qf5 Qd6+
34. Rf4 Qe6 35. Qxe6 fxe6 36. Kg3 Rd1 37. h4 Rd2 38. Re4 Kf7 39. Rf4+ Ke7 40.
Rg4 Kf6 41. Rf4+ Ke7 42. Rg4 g5 43. hxg5 hxg5 44. Rxg5 Rxa2 45. Rg7+ Kd6 46. c5+
Kc6 47. Kf4 Rb2 48. Ke5 Rxb3 49. Kxe6 Re3+ 50. Kf5 a5 51. Kf4 Re2 52. Kf3 Re1
53. d5+ Kxd5 54. Rxc7 Rb1 55. Rc8 a4 56. g4 a3 57. Ra8 Rb3+ 58. Kf4 Kxc5 59. g5
Kb4 60. g6 Rb1 61. g7 Rg1 62. g8=Q Rxg8 63. Rxg8 b5 64. Ke3 Kc3 65. Rc8+ Kb3 66.
Kd2 a2 67. Ra8 Kb2 68. Rb8 a1=Q 69. Rxb5+ Ka3 70. Ra5+ Kb2 71. Rxa1 Kxa1 1/2-1/2

[Event "European Hybrid Qual 2021"]
[Site "Tornelo INT"]
[Date "2021.05.25"]
[Round "1.2"]
[White "Persanyi, Barnabas"]
[Black "Pruijssers, Roeland"]
[Result "0-1"]
[WhiteTitle "FM"]
[BlackTitle "GM"]
[WhiteElo "2364"]
[BlackElo "2561"]
[WhiteFideId "771279"]
[BlackFideId "1013068"]
[EventDate "2021.05.24"]
[EventType "k.o."]

1. Nf3 Nf6 2. g3 d5 3. Bg2 e6 4. O-O c5 5. c4 dxc4 6. Na3 Bd7 7. Ne5 Qc7 8.
Naxc4 Nc6 9. Nxd7 Qxd7 10. Qa4 Rc8 11. Bxc6 Qxc6 12. Qxa7 b5 13. Na5 Qa8 14.
Qxa8 Rxa8 15. Nb3 c4 16. Nd4 b4 17. b3 Bc5 18. Bb2 Ne4 19. bxc4 Nxd2 20. Rfc1
O-O 21. Nb3 Ne4 22. Nxc5 Nxc5 23. Bd4 Rfc8 24. Rab1 Ra4 25. Bxc5 Rxc5 26. Rc2
Kf8 27. f3 Ke7 28. Kf2 Kd6 29. Rd1+ Kc7 30. Rd4 Rca5 31. Rb2 Kc6 32. Rdd2 Kc5
33. Rd7 Rxa2 34. Rxa2 Rxa2 35. Rxf7 b3 36. Ke3 b2 37. Rb7 Kxc4 38. Kf2 Kc3 39.
Rc7+ Kb3 40. Rb7+ Kc2 41. Rc7+ Kb1 42. Rxg7 Ka1 43. Rb7 b1=Q 44. Rxb1+ Kxb1 45.
f4 Kc1 46. Kf3 Kd1 47. e4 Rxh2 48. f5 e5 49. g4 Rh3+ 50. Kf2 h6 51. f6 Ra3 52.
f7 Ra8 0-1

[Event "European Hybrid Qual 2021"]
[Site "Tornelo INT"]
[Date "2021.05.24"]
[Round "1.1"]
[White "Nikolov, Momchil"]
[Black "Haubro, Martin"]
[Result "1/2-1/2"]
[WhiteTitle "GM"]
[BlackTitle "IM"]
[WhiteElo "2542"]
[BlackElo "2407"]
[WhiteFideId "2905710"]
[BlackFideId "1414291"]
[EventDate "2021.05.24"]
[EventType "k.o."]

1. d4 d5 2. c4 e6 3. Nf3 a6 4. cxd5 exd5 5. Nc3 h6 6. Bf4 Nf6 7. h3 Bd6 8. Be5
c6 9. e3 Bxe5 10. Nxe5 Nbd7 11. Nf3 O-O 12. Bd3 c5 13. dxc5 Nxc5 14. O-O Qb6 15.
b3 Be6 16. Rc1 Rac8 17. Ne2 Nxd3 18. Qxd3 Qa5 19. Qb1 Qa3 20. Nfd4 Ne4 21. Qa1
Rxc1 22. Rxc1 Rc8 23. Rxc8+ Bxc8 24. f3 Nf6 25. Qc3 Bd7 26. Qc7 Qxa2 27. Qxb7 a5
28. Qb8+ Kh7 29. Qf8 Be6 30. Qe7 Qd2 31. Kf2 Qa2 32. g4 Qb1 33. Nxe6 fxe6 34.
Qxe6 Qxb3 35. h4 Qa4 36. Nd4 Qa2+ 37. Ne2 Qa4 38. Nd4 Qa2+ 39. Kg3 Qb1 40. Kg2
Qb2+ 41. Kg3 Qb1 42. Kg2 Qb2+ 43. Kg3 Qb1 1/2-1/2

[Event "European Hybrid Qual 2021"]
[Site "Tornelo INT"]
[Date "2021.05.25"]
[Round "1.2"]
[White "Haubro, Martin"]
[Black "Nikolov, Momchil"]
[Result "0-1"]
[WhiteTitle "IM"]
[BlackTitle "GM"]
[WhiteElo "2407"]
[BlackElo "2542"]
[WhiteFideId "1414291"]
[BlackFideId "2905710"]
[EventDate "2021.05.24"]
[EventType "k.o."]

1. e4 e5 2. Nf3 Nc6 3. Bb5 a6 4. Ba4 Nf6 5. O-O Nxe4 6. d4 b5 7. Bb3 d5 8. dxe5
Be6 9. Nbd2 Be7 10. Nxe4 dxe4 11. Bxe6 Qxd1 12. Rxd1 fxe6 13. Nd4 O-O-O 14. Be3
Nxd4 15. Rxd4 Rxd4 16. Bxd4 Rd8 17. Be3 Rd5 18. Re1 Bc5 19. Bf4 e3 20. fxe3 Rd2
21. Kf1 Rxc2 22. Re2 Rc1+ 23. Kf2 Bb6 24. Kf3 c5 25. e4 Rf1+ 26. Rf2 Rxf2+ 27.
Kxf2 c4+ 28. Ke2 Bd4 29. b3 cxb3 30. axb3 a5 31. Kd3 Ba1 32. Bd2 Bxe5 33. Bxa5
Bxh2 34. Kd4 Bd6 35. Bd2 h5 36. Bg5 Kd7 37. Bh4 Kc6 38. Bg5 Bg3 39. Be7 Bf4 40.
Bh4 g5 41. Be1 Bd6 42. Bd2 g4 43. Be1 Bf4 44. Bh4 Kd6 45. Kd3 Kc5 46. Kc3 Be5+
47. Kd3 Kb4 48. Kc2 Ka3 49. Be7+ Ka2 50. Bh4 Bd4 51. Kd3 Bg7 52. Kc2 Be5 53. Be1
Bf6 54. Bg3 h4 55. Bh2 Bd4 56. Bf4 e5 0-1

[Event "European Hybrid Qual 2021"]
[Site "Tornelo INT"]
[Date "2021.05.24"]
[Round "1.1"]
[White "Krasenkow, Michal"]
[Black "Cabarkapa, Novak"]
[Result "1-0"]
[WhiteTitle "GM"]
[BlackTitle "IM"]
[WhiteElo "2597"]
[BlackElo "2473"]
[WhiteFideId "1113100"]
[BlackFideId "943746"]
[EventDate "2021.05.24"]
[EventType "k.o."]

1. d4 Nf6 2. c4 g6 3. Nc3 d5 4. e3 Bg7 5. cxd5 Nxd5 6. Nxd5 Qxd5 7. Ne2 O-O 8.
Nc3 Qd6 9. Be2 Nd7 10. O-O c5 11. d5 e6 12. e4 exd5 13. Nxd5 Re8 14. Bf4 Be5 15.
Bxe5 Rxe5 16. Qc2 Nb6 17. f4 Re8 18. Rad1 Nxd5 19. Rxd5 Qc6 20. Rfd1 Qf6 21. Bb5
Bg4 22. Bxe8 Bxd1 23. Bxf7+ Qxf7 24. Rxd1 Qxf4 25. Qb3+ Qf7 26. Qxf7+ Kxf7 27.
Rd7+ Ke6 28. Rxb7 Rd8 29. Rxh7 Rd2 30. Rb7 Ke5 31. Rb5 Rc2 32. b4 Kxe4 33. Rxc5
Rxa2 34. Rg5 Ra6 35. h4 Rb6 36. Kh2 Kf4 37. Kh3 a6 38. g3+ Kf3 39. Ra5 Ke3 40.
Rg5 Kd3 41. Rg4 Kc3 42. Rf4 Rd6 43. Kg4 1-0

[Event "European Hybrid Qual 2021"]
[Site "Tornelo INT"]
[Date "2021.05.25"]
[Round "1.2"]
[White "Cabarkapa, Novak"]
[Black "Krasenkow, Michal"]
[Result "0-1"]
[WhiteTitle "IM"]
[BlackTitle "GM"]
[WhiteElo "2473"]
[BlackElo "2597"]
[WhiteFideId "943746"]
[BlackFideId "1113100"]
[EventDate "2021.05.24"]
[EventType "k.o."]

1. e4 e5 2. Nf3 Nf6 3. Nxe5 d6 4. Nf3 Nxe4 5. c4 Be7 6. d4 O-O 7. Bd3 Nf6 8. O-O
Bg4 9. h3 Bh5 10. Nc3 c6 11. b3 Na6 12. Re1 Re8 13. g4 Bg6 14. Nh4 Nc7 15. Nxg6
hxg6 16. f4 d5 17. c5 Ne4 18. Bxe4 Bh4 19. Re2 dxe4 20. Nxe4 Nb5 21. Bb2 Qd5 22.
Qd3 f5 23. Nd2 Rxe2 24. Qxe2 Nxd4 25. Qe5 Qxe5 26. fxe5 Ne6 27. Nc4 Nxc5 28.
gxf5 gxf5 29. Nd6 g6 30. Ba3 Nd3 31. e6 Be7 32. Rf1 b5 33. Rf3 b4 34. Rxd3 bxa3
35. Nf7 Kg7 36. Ne5 Kf6 37. Nxc6 Rc8 38. Rc3 Rc7 39. b4 Kxe6 40. b5 Bd6 41. Re3+
Kd5 42. Rd3+ Kc5 43. Nb8 Be7 44. Rb3 Kb6 45. Nc6 Bc5+ 46. Kf1 a6 47. Ne5 axb5
48. Nc4+ Ka6 49. Nxa3 b4 50. Nc2 Ka5 51. Rd3 Ba7 52. Rd2 Rc3 53. Rg2 Rxh3 54.
Rxg6 Rh2 55. Rg2 Rh1+ 56. Ke2 f4 57. Rg7 Bc5 58. Rg5 Kb6 59. Rf5 Rh2+ 60. Kd3
Rf2 61. Rf6+ Kb5 62. Rf5 Kc6 63. Nd4+ Bxd4 64. Kxd4 Rxa2 65. Rxf4 Kb5 66. Rf8
Rc2 67. Rc8 Rxc8 0-1

[Event "European Hybrid Qual 2021"]
[Site "Tornelo INT"]
[Date "2021.05.24"]
[Round "1.1"]
[White "Yuffa, Daniil"]
[Black "Albu, George"]
[Result "1-0"]
[WhiteTitle "GM"]
[WhiteElo "2587"]
[BlackElo "2082"]
[WhiteFideId "24131423"]
[BlackFideId "1237128"]
[EventDate "2021.05.24"]
[EventType "k.o."]

1. d4 Nf6 2. c4 g6 3. Nc3 Bg7 4. e4 d6 5. Nf3 O-O 6. Be2 e5 7. O-O Nc6 8. d5 Ne7
9. b4 a5 10. bxa5 Rxa5 11. a4 Nh5 12. Re1 Nf4 13. Bf1 f5 14. Ra3 b6 15. Bd2 Ra8
16. g3 Nh5 17. Ng5 Nf6 18. exf5 Nxf5 19. Bg2 Nd4 20. Be3 Ng4 21. Ne6 Nxe3 22.
Rxe3 Nxe6 23. dxe6 Ra5 24. Bd5 Qe7 25. Nb5 Bxe6 26. Nxc7 Qxc7 27. Bxe6+ Kh8 28.
h4 Qc5 29. h5 e4 30. hxg6 hxg6 31. Ra2 Bd4 32. Rxe4 Bxf2+ 33. Kg2 Be3 34. Qa1+
Kh7 35. Re2 Bh6 36. Bd5 1-0

[Event "European Hybrid Qual 2021"]
[Site "Tornelo INT"]
[Date "2021.05.25"]
[Round "1.2"]
[White "Albu, George"]
[Black "Yuffa, Daniil"]
[Result "0-1"]
[BlackTitle "GM"]
[WhiteElo "2082"]
[BlackElo "2587"]
[WhiteFideId "1237128"]
[BlackFideId "24131423"]
[EventDate "2021.05.24"]
[EventType "k.o."]

1. d4 d5 2. Bf4 Nf6 3. e3 c5 4. c3 Nc6 5. Nd2 Bf5 6. Ngf3 Qb6 7. Qc1 e6 8. Be2
Rc8 9. O-O Be7 10. h3 O-O 11. dxc5 Bxc5 12. b4 Be7 13. a3 a5 14. b5 Nb8 15. Qb2
Ne4 16. c4 Nd7 17. Rfd1 Bf6 18. Ne5 Nxe5 19. Bxe5 Bxe5 20. Qxe5 Nxd2 21. Rxd2
dxc4 22. Rc1 Rc5 23. Qb2 Rfc8 24. Qd4 e5 25. Qc3 Qxb5 26. Bxc4 Qe8 27. Bxf7+
Kxf7 28. Qb3+ 0-1